书目信息 |
| 题名: |
中国戏曲史钩沉
|
|
| 作者: | 蒋星煜 著 | |
| 分册: | ||
| 出版信息: | 郑州 中洲书画社 1982.9 |
|
| 页数: | 308页 | |
| 开本: | 20cm | |
| 丛书名: | 中国古代戏曲理论丛书 | |
| 单 册: | ||
| 中图分类: | I207.309 | |
| 科图分类: | ||
| 主题词: | 文学--中国 | |
| 电子资源: | ||
| ISBN: | ||
| 000 | 00588nam0 2200217 45 | |
| 001 | 0312221749 | |
| 005 | 20070728152333.92 | |
| 010 | @dCNY1.17 | |
| 091 | @a10219.27 | |
| 100 | @a20031222d1982 km y0chiy0120 ea | |
| 101 | @achi | |
| 200 | 1 | @a中国戏曲史钩沉@AZhong Guo Xi Qu Shi Gou Chen@f蒋星煜著@FJiang Xing Yu Zhu |
| 210 | @a郑州@c中洲书画社@d1982.9 | |
| 215 | @a308页@d20cm | |
| 225 | 2 | @a中国古代戏曲理论丛书 |
| 410 | 0 | @12001 @a中国古代戏曲理论丛书 |
| 606 | 0 | @a文学@x中国 |
| 690 | @aI207.309@v3 | |
| 701 | 0 | @a蒋星煜@4著 |
| 801 | @aCN@bTSTCL@c20070728 | |
| 905 | @dI207.309@e47 | |
| 中国戏曲史钩沉/蒋星煜著.-郑州:中洲书画社,1982.9 |
| 308页;20cm.-(中国古代戏曲理论丛书) |
| ISBN :CNY1.17 |
| ● |
| 相关链接 |
|
|
|
|
正题名:中国戏曲史钩沉
索取号:I207.309/47
 
预约/预借
| 序号 | 登录号 | 条形码 | 馆藏地/架位号 | 状态 | 备注 |
| 1 | 0176352 | 000540837 | 第二借阅区/ [索取号:I207.309/47] | 在馆 | |
| 2 | 0176353 | 000540828 | 第二借阅区/ [索取号:I207.309/47] | 在馆 | |
| 3 | 0176354 | 000540846 | 第一样本阅览室/ [索取号:I207.309/47] | 在馆 | |
| 4 | 0178135 | 000540819 | 第二借阅区/ [索取号:I207.309/47] | 在馆 | |
| 5 | 0443587 | 204435879 | 密集书库/ [索取号:I207.309/47] | 在馆 | |
| 6 | 0785550 | 207855506 | 密集书库/ [索取号:I207.309/47] | 在馆 |